| 000 | 00717nam a22002177a 4500 | ||
|---|---|---|---|
| 005 | 20251108165205.0 | ||
| 008 | 250721s2007 xx 000 0 ara d | ||
| 020 | _a9953370885 | ||
| 082 | 1 | 4 | _a649/ماك |
| 100 | 1 |
_aماكميلان، بوني _eمؤلف |
|
| 245 | 1 | 0 | _aما سر إختلاف الفتيان عن الفتيات و كيف نبرز أفضل ما لديهم / |
| 264 | 1 |
_aبيروت : _bأكاديميا إنترناشونال، _c2007. |
|
| 300 | _a160 ص. | ||
| 650 | 1 | 7 | _aرعايه الطفوله |
| 650 | 1 | 7 | _aالسياسه الاسريه |
| 650 | 1 | 7 | _aالابناا |
| 650 | 1 | 7 | _aالاطفال |
| 700 | 1 |
_aبستاني، حسان _eمترجم |
|
| 942 |
_2ddc _cBK |
||
| 999 |
_c21679 _d21679 |
||